<?xml version="1.0" encoding="UTF-8"?>
<marc:record xmlns:marc="http://www.loc.gov/MARC21/slim">
   <marc:leader>00000nam a2200000 a 4500</marc:leader>
   <marc:datafield ind1="1" ind2=" " tag="100">
      <marc:subfield code="a">Kallauch, Michael</marc:subfield>
      <marc:subfield code="4">aut</marc:subfield>
      <marc:subfield code="e">Verfasser/-in</marc:subfield>
   </marc:datafield>
   <marc:datafield ind1="1" ind2=" " tag="100">
      <marc:subfield code="a">Meyberg, Jan</marc:subfield>
      <marc:subfield code="4">aut</marc:subfield>
      <marc:subfield code="e">Verfasser/-in</marc:subfield>
   </marc:datafield>
   <marc:datafield ind1=" " ind2=" " tag="653">
      <marc:subfield code="a">Unterwasserwelt</marc:subfield>
   </marc:datafield>
   <marc:datafield ind1=" " ind2=" " tag="653">
      <marc:subfield code="a">Familienspiel</marc:subfield>
   </marc:datafield>
   <marc:datafield ind1=" " ind2=" " tag="653">
      <marc:subfield code="a">Abenteuerspiel</marc:subfield>
   </marc:datafield>
   <marc:datafield ind1="0" ind2="0" tag="245">
      <marc:subfield code="a">Kraqua</marc:subfield>
   </marc:datafield>
   <marc:datafield ind1="0" ind2="0" tag="245">
      <marc:subfield code="c">Kallauch, Michael</marc:subfield>
   </marc:datafield>
   <marc:datafield ind1=" " ind2="1" tag="264">
      <marc:subfield code="a">Kempen</marc:subfield>
      <marc:subfield code="b">moses Verlag GmbH</marc:subfield>
      <marc:subfield code="c">2021</marc:subfield>
   </marc:datafield>
   <marc:datafield ind1="1" ind2=" " tag="520">
      <marc:subfield code="a">Unterwasser-Abenteuer ? In diesem spannenden Brettspiel müssen Edelsteine vor dem Kraken Kraqua geschützt und sicher ins Versteck gebracht werden. Schaffen es die Spieler den diebischen Tentakeln zu entkommen?&#xD;
    Kooperatives Familienspiel ? Die aufregende und gefährliche Reise durch die Tiefen des Meeres eignet sich perfekt für einen Spieleabend mit 2 bis 4 Personen&#xD;
    Abwechslungsreiche Spielrunden ? Der faltbare Spielplan von Kraqua sorgt durch einen Klappmechanismus für unvorhersehbare und abwechslungsreiche Änderungen in der Laufstrecke&#xD;
    Wunderschöne Unterwasserwelt ? Das kreative Spielbrett erweckt den Ozean mit viel Liebe zum Detail zum Leben und lässt die Spieler tief in die faszinierende Welt des Kragens eintauchen&#xD;
    Anpassbarer Schwierigkeitsgrad ? Dank der 3 verschiedenen Schwierigkeitsstufen ist das Gesellschaftsspiel vielseitig einsetzbar und auch für Kinder ab 8 Jahren geeignet</marc:subfield>
   </marc:datafield>
   <marc:datafield ind1="3" ind2=" " tag="024">
      <marc:subfield code="a">4033477903556</marc:subfield>
   </marc:datafield>
   <marc:datafield ind1=" " ind2=" " tag="041">
      <marc:subfield code="a">ger</marc:subfield>
   </marc:datafield>
   <marc:datafield ind1="1" ind2=" " tag="521">
      <marc:subfield code="a">ab 8 Jahren</marc:subfield>
   </marc:datafield>
   <marc:datafield ind1=" " ind2=" " tag="338">
      <marc:subfield code="a">Gegenstand</marc:subfield>
   </marc:datafield>
   <marc:datafield ind1=" " ind2=" " tag="300">
      <marc:subfield code="a">1 Spielplan, 1 Würfel, 3 Spielfiguren, 16 Edelsteine, 45 Plättchen, 1 Anleitung</marc:subfield>
   </marc:datafield>
</marc:record>
